000 00492nam a2200169 i 4500
001 bg
100 1 _aBORKOWSKI, Wacław
245 0 _aDynamiczna analiza konstrukcji metodą elementów skończonych /
_cW. Borkowski.
260 _aWarszawa,
_c1984.
650 9 _aMetoda elementów skończonych
_xmatematyka
_xmetody
650 9 _aAnaliza numeryczna
_xstosowanie
040 _cBPK
041 _apol
080 _a539.3:624:519.6
942 _cKS
008 s pl f |000 0 pol
999 _c23032
_d23032
856 _uhttp://koha.tu.koszalin.pl/cgi-bin/koha/opac-detail.pl?biblionumber=23032
_yKatalog online BPK